Кремнеземы, химически модифицированные серосодержащими группами для концентрирования, разделения и определения благородных и цветных металлов: диссертация на соискание ученой степени доктора химических наук; спец. 02.00.02

Bibliographic Details
Main Author: Лосев В. Н. Владимир Николаевич
Corporate Author: Научно-исследовательский инженерный центр"Кристалл"
Language:Russian
Published: Красноярск, [Б. и.], 2007
Subjects:
Format: Book
KOHA link:https://koha.lib.tpu.ru/cgi-bin/koha/opac-detail.pl?biblionumber=118504

MARC

LEADER 00000nbm0a2200000 4500
001 118504
005 20231101215457.0
035 |a (RuTPU)RU\TPU\book\128228 
090 |a 118504 
100 |a 20070613j20070530k y0rusy50 ca 
101 0 |a rus 
102 |a RU 
105 |a a m 001zy 
200 1 |a Кремнеземы, химически модифицированные серосодержащими группами для концентрирования, разделения и определения благородных и цветных металлов  |e диссертация на соискание ученой степени доктора химических наук  |e спец. 02.00.02  |f В. Н. Лосев  |g Научно-исследовательский инженерный центр "Кристалл" 
210 |a Красноярск  |c [Б. и.]  |d 2007 
215 |a 325 л.  |c ил. 
229 |a Защищена 30.05.2007 г. 
320 |a Библиогр.: с. 300-325 (273 назв.). 
610 1 |a благородные металлы 
610 1 |a цветные металлы 
610 1 |a концентрирование 
610 1 |a разделение 
610 1 |a кремнеземы 
610 1 |a селективные сорбенты 
610 1 |a создание 
610 1 |a сорбционное концентрирование 
610 1 |a ионы 
610 1 |a координационное состояние 
610 1 |a методы определения 
610 1 |a сорбционно-спектроскопические методы 
610 1 |a диссертации 
675 |a 669.21/23(04)  |v 3 
686 |a 02.00.02  |2 oksvnk 
700 1 |a Лосев  |b В. Н.  |g Владимир Николаевич 
712 0 2 |a Научно-исследовательский инженерный центр"Кристалл"  |2 stltpush  |3 (RuTPU)RU\TPU\col\11174  |9 24982 
801 1 |a RU  |b 63413507  |c 20070613  |g PSBO 
801 2 |a RU  |b 63413507  |c 20070911  |g PSBO 
942 |c BK